| 000 | 00829cam a2200217 a 4500 | ||
|---|---|---|---|
| 001 | 000007484 | ||
| 005 | 20251105110124.0 | ||
| 008 | 790320s1986 ag b 000 0 spa | ||
| 020 | _a8437700493 | ||
| 040 |
_aDO-SdBNP _bspa _dBNPHU |
||
| 082 |
_a980.98 _bR196b |
||
| 100 | 1 |
_aRangel, Carlos _q(Carlos Enrique Rangel Guevara) _d1929-1988. _920796 |
|
| 245 | 1 | 0 |
_aDel buen salvaje al buen revolucionario : _bmitos y realidades de América Latina / _c; prólogo, Jean-François Revel. |
| 246 | 1 | 3 |
_aDel buen salvaje al buen revolucionario _buna interpretación nueva sobre Latinoamérica |
| 260 |
_aArgentina : _bKosmo, _c1986. |
||
| 300 |
_a267 p: ; _c24 cm. |
||
| 504 | _aIncluye referencias bibliográficas | ||
| 651 | 0 |
_aAmérica Latina _xCivilización _916665 |
|
| 700 | 1 |
_aRevel, Jean-François, _epról. _920797 |
|
| 049 | _aBNGR | ||
| 999 |
_c7265 _d7265 |
||